000 00829nam a2200265Ia 4500
003 OSt
005 20220923221008.0
006 a|||||r|||| 00| 0
007 ta
008 220922b |||||||| |||| 00| 0 hin d
024 _a193,515
037 _cTextual
040 _aARTS
_cARTS
_bhin
041 _2hin
_ahin
082 _aO152,3v, K3
110 _aएशिया पलिशिंग हा0 (बम्बई)
_9164947
245 0 _aहिन्दी साहित्य संग्रह
246 _aHindī sāhitya sangraha
260 _c1963
300 _a135पृ.
_ccm.
650 _aहिन्दी साहित्य
_9156264
700 _aएशिया पलिशिंग हा0 (बम्बई)
_9164948
942 _hO152,3v, K3
_cTEXL
_2CC
999 _c345963
_d345963